000 01324nam0a2200313 4500
001 RU\NLR\BIBL_A\011889632
005 20190128145124.0
010 _a978-5-9571-2574-7
_9199
021 _aRU
_bКН-П-18-6131
_9КН-П-18-084677
035 _a(NLR Aleph) 011889632
035 _a(RuMoRGB)009798556
090 _a10824306
_c10824306
100 _a20181212d2018 k y0rusy50 ca
101 0 _aeng
102 _aRU
105 _ay z 101zy
200 1 _a13th International conference on superplasticity in advanced materials, ICSAM 2018, August 19-22, 2018, St. Petersburg, Russia
_eabstracts
210 _aBelgorod
_cBelgorod nat. research univ.
_d2018
215 _a121 с.
_d29
300 _aУказ. авт.: с. 110-121
606 1 _aМатериалы
_xПластичность
_jТезисы докладов
_2nlr_sh1
_2nlr_sh2
_3RU\NLR\AUTH\661365834
686 1 _aЖ306.22я431(0)
710 1 2 _aInternational conference on superplasticity in advanced materials
_d13
_f2018
_eSaint-Petersburg
_3RU\NLR\AUTH\880492301
830 _a13-я Международная конференция по сверхпластичности перспективных материалов
942 _cBOOK
980 _aNB